000 00666nam a2200205Ii 4500
003 JO-AjNU
008 230605s9999||||xx |||||||||||||| ||und||
017 _a2005/4/776
040 _aJO-AjNU
_bara
_erda
_cJO-AjNU
041 _aara
050 1 4 _aTS155.I27 2005
100 3 _aابراهيم ، ميسر ,
_eauthor
_935090
245 0 0 _aالمنشات الصناعية وضمان النوعية
264 3 1 _aعمان:دار المسيرة للنشر ،2005
300 _a96ص
336 _atext
_btxt
_2rdacontent
337 _aunmediated
_bn
_2rdamedia
338 _avolume
_bnc
_2rdacarrier
650 4 _aالمنشات-المنشات الصناعية
_935091
999 _aA14452
_c18020
_d18020